000 00568nam a22001697a 4500
008 150612b xxu||||| |||| 00| 0 eng d
082 _a708
_bC583k
100 _aClachar, Karen
_93134
245 _aKaren Clachar
_cClachar, Karen; Astiasaran, Clara (curadora)
260 _aCosta Rica
_bMasterLitho
300 _a52 p.
_bill. (col)
_c20 cm.
600 _aClachar, Karen
_xExhibiciones
_93135
650 _xExhibiciones
_zCosta Rica-Guanacaste
_93136
650 _xIntervenciones públicas
_93137
650 _xArte moderno
_9145
700 _aAstiasaran, Clara (curadora)
_93138
999 _c698
_d698